| 000 | 003490000a22001570004500 | ||
|---|---|---|---|
| 003 | MACL | ||
| 040 | _aMACL | ||
| 090 |
_c44986 _d44984 |
||
| 100 | _aRollans, Christopher | ||
| 245 | _aModern Criticism | ||
| 260 | _bAtlantic Publishers & Distributers | ||
| 350 | _a550 | ||
| 650 | _aLiterature | ||
| 942 |
_cBOOK _k801.959 |
||
| 951 | _o801.959 BOOK | ||
| 999 |
_c44525 _d44525 |
||